| 000 | 05117nam0a22004571 4500 | ||
|---|---|---|---|
| 001 | v19\rc\2114093 | ||
| 005 | 20250620050411.0 | ||
| 035 | _a(NLR Aleph) 005183936 | ||
| 090 |
_a5150974 _c5150974 |
||
| 100 | _a20090914d1822 |||y0rusy50 ca | ||
| 101 | 0 | _arus | |
| 102 | _aRU | ||
| 135 | _acrcn 024anaba | ||
| 140 | _ay z ezz yaa0000 | ||
| 200 | 1 |
_aОписание новоизобретеннаго во Франции ткацкого снаряда. _eС 7 гравированными чертежами. _fНапечатано иждивением Департамента мануфактур и внутренней торговли |
|
| 210 |
_aСанктпетербург _cпечатано в типографии Генеральнаго штаба _d1822 |
||
| 215 |
_a27, [1] с., [7] л. черт. _d8° |
||
| 300 | _aЦенз.: В.И. Соц, 1 февр. 1822 г. | ||
| 316 |
_aЭкз. РНБ (138/949) деф.: отсутствуют 7 л. черт. В составном картонном пер., обтянутом черно-зеленой бумагой, с кожаными коричневыми корешком и уголками. Корешок гладкий, с золотым тиснением и загл.: "Jackard ткацкий снаряд". На нижней крышке пер. экслибрис рус. фонда ГПБ с шифром. На форзаце ярлык с шифром РНБ. На тит. л. наклейка с номером: "906" и штамп: "ГПБ Погашено". На обороте тит. л. и с.27 круглый штамп ГПБ. Размер: 19,2х12,5х0,8 см _5NLR: 138/949 |
||
| 317 |
_aВ экз. РНБ (138/949) на тит. л. штамп-экслибрис Б-ки Технологического ин-та (Богомолов 15584) _5NLR: 138/949 |
||
| 321 | 1 | _aСК 1801-1825 6097 | |
| 325 | _aКопия доступна в Электрон. б-ке РНБ | ||
| 327 | 1 |
_aИзъяснение чертежей новоизобретеннаго во Франции ткацкаго снаряда, известнаго под названием à la Jackard, посредством котораго ткание шелковых материй, скатертей и других узорчатых изделий может быть производимо без помощи переборщиков (С.3-8) _aОписание чертежей снаряда à la Jackard, служащаго для тканья неопределеннаго числа узоров на разных материях без переборщиков (С.9-27) |
|
| 464 | 0 |
_12001#$aИзъяснение чертежей новоизобретеннаго во Франции ткацкаго снаряда, известнаго под названием à la Jackard, посредством котораго ткание шелковых материй, скатертей и других узорчатых изделий может быть производимо без помощи переборщиков _1215##$aС.3-8 _tИзъяснение чертежей новоизобретеннаго во Франции ткацкаго снаряда, известнаго под названием à la Jackard, посредством котораго ткание шелковых материй, скатертей и других узорчатых изделий может быть производимо без помощи переборщиков |
|
| 464 | 0 |
_12001#$aОписание чертежей снаряда à la Jackard, служащаго для тканья неопределеннаго числа узоров на разных материях без переборщиков _1215##$aС.9-27 _tОписание чертежей снаряда à la Jackard, служащаго для тканья неопределеннаго числа узоров на разных материях без переборщиков |
|
| 518 | 1 |
_aОписание новоизобретенного во Франции ткацкого снаряда _zrus |
|
| 620 | _dСанкт-Петербург | ||
| 702 | 1 |
_4190 _7ca _8rus _aСоц _bВ.И. _f1788-1841 _gВасилий Иванович _9227461 _3RU\NLR\AUTH\770227517 |
|
| 712 | 0 | 2 |
_4610 _aРоссия _bГенеральный штаб _bТипография _9711157 _3RU\NLR\AUTH\880524832 |
| 801 | 0 |
_aRU _bNLR _gpsbo |
|
| 801 | 1 |
_aRU _bProSoft-M _2rusmarc |
|
| 852 |
_aNLR _j138/949 |
||
| 942 | _cBOOK | ||
| 980 | _aNB | ||
| 980 | 3 | _akpnscan | |
| 981 | 2 | 2 |
_a(22) Материалы по истории России _b(22) История промышленности и торговли |
| 981 | 2 | 0 |
_a(20) Книжные памятники РНБ _b(20) Русский книжный фонд |